000
00251nam a2200109Ia 4500
008
220204s9999 xx 000 0 und d
082
_a
82-3
_b
CLO
100
_a
Clostermann, Pierre
245
4
_a
The Big show
260
_a
UK
_b
Bantam
_c
1979
942
_c
BK
999
_c
33219
_d
33219